000
00191nmm a2200085Ia 4500
008
220120s9999||||xx |||||||||||||||||und||
100
_a
Digit
245
0
_a
Ubuntu 13.10
260
_a
Nine dot Nine
999
_c
139944
_d
139944